书目信息 |
| 题名: |
汞的环境生物无机化学
|
|
| 作者: | 李玉锋 著 | |
| 分册: | ||
| 出版信息: | 北京 科学出版社 2018.04 |
|
| 页数: | 329页 | |
| 开本: | 24cm | |
| 丛书名: | ||
| 单 册: | ||
| 中图分类: | O614.24 | |
| 科图分类: | ||
| 主题词: | 汞--生物地球化学--研究 | |
| 电子资源: | ||
| ISBN: | 978-7-03-056826-7 | |
| 000 | 01081nam0 2200253 450 | |
| 001 | 4397 | |
| 005 | 20181011113434.57 | |
| 010 | @a978-7-03-056826-7@dCNY128.00 | |
| 100 | @a20180714d2018 em y0chiy50 ea | |
| 101 | 0 | @achi |
| 102 | @aCN@b110000 | |
| 105 | @aa z 000yy | |
| 200 | 1 | @a汞的环境生物无机化学@9gong de huan jing sheng wu wu ji hua xue@f李玉锋[等]著 |
| 210 | @a北京@c科学出版社@d2018.04 | |
| 215 | @a329页@c图@d24cm | |
| 304 | @a著者还有:商立海、赵甲亭、胡怀强、王伟 | |
| 312 | @a封面英文题名:Environmental bioinorganic chemistry of mercury | |
| 330 | @a本书分为上、下两篇,共十四章。上篇介绍了汞的性质与用途,汞的生物地球化学循环,汞对人体、动物及植物的毒性及机制,汞、硒相互作用,汞的分析方法(特别是同位素标记技术、同步辐射技术及纳米技术等)及汞污染土壤修复技术等内容;下篇总结了我国环境中汞污染现状、我国人体及膳食中汞含量现状。 | |
| 510 | 1 | @aEnvironmental bioinorganic chemistry of mercury@zeng |
| 606 | 0 | @a汞@x生物地球化学@x研究 |
| 690 | @aO614.24@v5 | |
| 701 | 0 | @a李玉锋@9li yu feng@4著 |
| 801 | 0 | @aCN@b91MARC@c20180714 |
| 905 | @aMuseLib@dO614.24@e21 | |
| 汞的环境生物无机化学/李玉锋[等]著.-北京:科学出版社,2018.04 |
| 329页:图;24cm |
| ISBN 978-7-03-056826-7:CNY128.00 |
| 本书分为上、下两篇,共十四章。上篇介绍了汞的性质与用途,汞的生物地球化学循环,汞对人体、动物及植物的毒性及机制,汞、硒相互作用,汞的分析方法(特别是同位素标记技术、同步辐射技术及纳米技术等)及汞污染土壤修复技术等内容;下篇总结了我国环境中汞污染现状、我国人体及膳食中汞含量现状。 |
| ● |
| 相关链接 |
|
|
|
|
正题名:汞的环境生物无机化学
索取号:O614.24/21
 
预约/预借
| 序号 | 登录号 | 条形码 | 馆藏地/架位号 | 状态 | 备注 |
| 1 | 1124936 | 211249362 | 第二样本阅览室/ [索取号:O614.24/21] | 在馆 | |
| 2 | 1124937 | 211249371 | 化学系资料室/ [索取号:O614.24/21] | 在馆 | |
| 3 | 1124938 | 211249380 | 第三借阅区/ [索取号:O614.24/21] | 在馆 |